000 00408nam a22001817a 4500
999 _c11545
_d11545
003 OSt
008 220920b ||||| |||| 00| 0 eng d
020 _a9789352134977
082 _a006.312 WIR
100 _aWICKHAM,Hadley
245 _aR for Data Science
250 _a1st
260 _aNew Delhi
_bSPD
_c2021
300 _a492
650 _aCSECS
700 _aGROLEMUND,Garrett
942 _2ddc
_cBK
_03